000 00411nam a22001337a 4500
999 _c5091
_d5091
008 150907b xxu||||| |||| 00| 0 eng d
020 _a0397544359
050 _a REF RM 301 .L47 1985
100 _aScherer,Jeanne C.
245 _aNurses' drug manual/
_cJeanne C.Scherer
260 _aLondon:
_bJ.B Lippincott company,
_c1985.
300 _axvi,1166p. :
_b.ill. :
_c24 cm
500 _aincludes index
650 _aPharmacology - Handbooks, Manuals, etc
650 _aDrugs- Handbooks, manuals etc
942 _2lcc
_cREF_BOOK
_hREF RM 301 .L47 1985